Statistics for Seven Letter Words A-Z

Click here to take the quiz!

General Stats

  • This quiz has been taken 87 times
  • The average score is 14 of 26

Answer Stats

letterdefinitionword% Correct
Amany beers have 4% of thisalcohol
96%
GVenetian boatgondola
93%
Kfinger jointknuckle
85%
Wreferee's main toolwhistle
85%
Dartificial toothdenture
84%
Ethis planet's most famous great circleequator
77%
Pthe earliest paper?papyrus
77%
Tnewspaper full of trashy storiestabloid
75%
Fnot the green, rough or teefairway
71%
Inot complying with the lawillegal
71%
Jself-defense martial artjujitsu
64%
Nnumber-denoting character, eg 5, V, 五numeral
60%
Uinstrument that means jumping fleaukulele
60%
Rwhat trains run on, outside the USrailway
58%
Msweet wine, from islands of the same nameMadeira
51%
BOne night in ___ makes a hard man humbleBangkok
49%
Hlarge-headed nail on soles of bootshobnail
41%
Omain side of a coin (opp of reverse)obverse
41%
VLord Nelson's ship at Battle of TrafalgarVictory
40%
Cfuneral processioncortege
38%
QGuatemala's currency and national birdquetzal
33%
Sinstrument for determining one's positionsextant
27%
Xgum, used for food thickeningxanthan
23%
YMuslim face-covering veilyashmak
16%
ZItalian gypsyzingaro
8%
Lexcessive, unrestrained sexual desirelechery
5%

Score Distribution

Percentile by Number Answered

Percent of People with Each Score

Your Score History

You have not taken this quiz